| 000 | 00717nam a2200241 a 4500 | ||
|---|---|---|---|
| 999 |
_c1032 _d1032 |
||
| 001 | 15704 | ||
| 003 | BD-DhUAP | ||
| 005 | 20200202110534.0 | ||
| 008 | 200202s2007 pk b 000 0 eng d | ||
| 040 |
_aDLC _cDLC _dDLC _dBD-DhUAP _bEng |
||
| 082 | 0 | 0 |
_a342.41 WAD _223 |
| 100 | 1 | _aWade, E. C. S. | |
| 245 | 1 | 0 |
_aEnglish constitutional law / _cE. C. S. Wade and G. Godfrey Phillips. |
| 250 | _aNew rev. ed. | ||
| 260 |
_aLahore : _bPLD Publishers, _cc2007. |
||
| 300 |
_avi, 235 pages ; _c24 cm. |
||
| 650 | 0 |
_aConstitutional law _zGreat Britain. |
|
| 650 | 0 |
_a Administrative law _zGreat Britain. |
|
| 700 | 1 | _aPhillips, G. Godfre. | |
| 942 |
_2ddc _cBK |
||